Christmas Things by Picture - Statistics

General Stats
  • This quiz has been taken 722 times
  • The average score is 13 of 16
Answer Stats
Picture Answer % Correct
Candy Cane
98%
The Grinch
96%
Gingerbread House
94%
Rudolph
93%
Sleigh
93%
Wreath
93%
Eggnog
92%
Ornament
86%
Mistletoe
81%
Tinsel
81%
Advent Calendar
70%
Poinsettia
69%
Yule Log
69%
Nativity Scene
65%
Elf on the Shelf
52%
Christmas Cracker
46%
No matching quizzes found
Score Distribution
Percent of People with Each Score
Percentile by Number Answered
Your Score History
You have not taken this quiz